Normal view
MARC view
- Horvath, Polly,
Entry Nombre Personal
001 - NUMERO DE CONTROL
- campo de control: 43469
003 - IDENTIFICADOR DE NUMERO DE CONTROL
- campo de control: UPN
005 - FECHA Y HORA DE LA ÜLTIMA TRANSACCIÓN
- campo de control: 20211026211308.0
008 - DATOS DE LONGITUD FIJA
- campo de control de longitud fija: 211026|g aca||aabn | aaa d
040 ## - FUENTE DE CATALOGACIÓN
- Agencia original de catalogación: UPN
053 #4 - NÚMERO DE CLASIFICACIÓN LC
- Número de clasificación elemento-número único o número inicial de tramo: PS3558 O7.8
100 1# - ENCABEZAMIENTO - NOMBRE PERSONAL
- Nombre personal: Horvath, Polly,
- Fechas asociadas con el nombre: 1957-
670 ## - FUENTE EN LA QUE SE LOCALIZARON DATOS
- Cita de la fuente: LC/P
680 ## - NOTA PUBLICA DE ACCESO PÚBLICO
- Frase explicativa de la referencia: Escritora estadounidense-canadiense de literatura infantil y juvenil
902 ## - CATALOGADOR
- Catalogador: CAA/261021
